| 000 | 00714 a2200193 4500 | ||
|---|---|---|---|
| 003 | Nust | ||
| 005 | 20230523122952.0 | ||
| 010 | _a8371195 | ||
| 020 | _a0916688518 | ||
| 040 | _cNust | ||
| 082 | _a004,AHL | ||
| 100 |
_aAhl, David H. _9112535 |
||
| 245 |
_aThe Texas instruments Home Computer / _cDavid H. Ahl |
||
| 260 |
_aNew Jersey _bCreative Computing Press _c1983 |
||
| 300 | _ax, 149 p. | ||
| 505 | _aDrill and Practice (Page-3), Problem Solving (Page-15), Sets and Repetitive Trials (Page-31), Convergence and Recursion (Page-55), Compounding (Page-70), Probability (Page-85), Geometry and the Calculus (Page-99), Science (Page-111), Potpourri (Page-129). | ||
| 650 | _aComputers | ||
| 942 |
_2ddc _cBKB |
||
| 999 |
_c176531 _d176531 |
||